MARC

LEADER 00000nam0a2200000 4500
001 685675
005 20260326134333.0
090 |a 685675 
100 |a 20260326d1977 k||y0rusy50 ca 
101 0 |a rus 
102 |a GE 
105 |a y z 001yy 
181 0 |a i   |b  e  
182 0 |a n 
183 0 |a nc  |2 RDAcarrier 
200 1 |a Некоторые проблемы категории закона и закона источника развития  |f Шалва Кобахидзе  |g Кафедра философии ан Грузинской ССР 
203 |a Текст  |b визуальный  |c непосредственный 
210 |a Тбилиси  |c Мецниерева  |d 1977 
215 |a 279 с. 
283 |a volume  |2 RDAcarrier 
320 |a Список цитированной литературы: с. 266-272 
320 |a Указатель имен: с. 273-275 
606 |a Закон  |x Философская категория  |9 38237 
610 1 |a философия 
610 1 |a закон источника развития 
610 1 |a ошибочные толкования 
610 1 |a критика 
610 1 |a методологические проблемы 
610 1 |a естественные законы 
610 1 |a диалектическое понимание 
686 |2 rubbk  |a Ю212.2 
700 1 |a Кобахидзе  |b Ш.  |g Шалва 
712 0 2 |a Академия наук Грузинской ССР  |4 570  |9 24206  |b Кафедра философии 
801 0 |a RU  |b 63413507  |c 20260326 
830 |a Ретро2026Каталогизация Шило 
850 |a 63413507 
942 |c BK